000 00394nam a2200133Ia 4500
008 210716s2009 xx 000 0 und d
041 _aeng
082 _a005.74068 INFO
245 _aInformation storage and management participant guide: student guide.
_bStudent guide.
250 _a1
260 _aNorth America
_bEMC
_c2009
300 _a23,25,37
650 _aInformation Storage & Retrieval
999 _c182602
_d182602